000 00969nac a22002411u 4500
008 110414s2006 enk|||||r|||| 001 0 eng d
010 _a 85010861
020 _a0419253203
020 _a9780419253303
082 0 0 _a621.042
_bTWI
_222
100 _aTwidell, John.
_923030
245 1 0 _aRenewable Energy Resources /
_cJohn W. Twidell and Tony Weir
250 _a2nd ed.
260 _aLondon :
_bTaylor & Francis, 2006
_c2006
300 _axvi, 601 p. :
_bill. ;
_c24 cm.
504 _aIncludes bibliographies and index.
650 0 _aRenewable energy sources.
_923031
653 _bMec
_cApril2011
700 1 _aWeir, Anthony D.
_923029
856 4 2 _3Publisher description
_uhttp://www.loc.gov/catdir/enhancements/fy0651/85010861-d.html
942 _cBB
_k333.794 TWI
_2ddc
999 _c15105
_d15105